00361nam a2200133Ia 4500008004100000041000800041082001700049100001600066245004800082250000800130260006000138300000800198999002100206231228s1998 xx 000 0 und d aeng a658.159bBAR aBARROW (C.) aFinancial Management for the Small Business a4th aHaryanabManagement Development Institute Haryanac1998 a178 c1084059d1084059